Logo

Description automatically generated
विद्यार्जन
 संसाधन केंद्र, भारतीय प्रौद्योगिकी संस्थान इन्दौर
Learning Resource Center, Indian Institute of Technology Indore

ऑनलाइन सार्वजनिक अभिगम प्रसूची
Online Public Access Catalogue (OPAC)

Scale (Record no. 57272)

MARC details
000 -LEADER
fixed length control field 00520nam a2200205Ia 4500
005 - DATE AND TIME OF LATEST TRANSACTION
control field 20260629163253.0
008 - FIXED-LENGTH DATA ELEMENTS--GENERAL INFORMATION
fixed length control field 260629s9999||||xx |||||||||||||| ||und||
020 ## - INTERNATIONAL STANDARD BOOK NUMBER
International Standard Book Number 9780415349086
Qualifying information pbk
082 ## - DEWEY DECIMAL CLASSIFICATION NUMBER
Classification number 912.0148
Item number HER
100 ## - MAIN ENTRY--PERSONAL NAME
Personal name Herod, Andrew
245 #0 - TITLE STATEMENT
Title Scale
260 ## - PUBLICATION, DISTRIBUTION, ETC.
Place of publication, distribution, etc. New York
Name of publisher, distributor, etc. Routledge
Date of publication, distribution, etc. 2011
300 ## - PHYSICAL DESCRIPTION
Extent xvii, 294p. ; 22cm.
653 ## - INDEX TERM--UNCONTROLLED
Uncontrolled term Cities and towns
653 ## - INDEX TERM--UNCONTROLLED
Uncontrolled term Geographical perception
653 ## - INDEX TERM--UNCONTROLLED
Uncontrolled term Interior decoration
653 ## - INDEX TERM--UNCONTROLLED
Uncontrolled term Map scales
653 ## - INDEX TERM--UNCONTROLLED
Uncontrolled term Urban geography
942 ## - ADDED ENTRY ELEMENTS (KOHA)
Koha item type Book
Holdings
Withdrawn status Lost status Damaged status Not for loan Home library Current library Shelving location Date acquired Source of acquisition Total Checkouts Full call number Barcode Date last seen Price effective from Koha item type
        LRC, IIT Indore LRC, IIT Indore 2nd Floor - General Stack 29/06/2026 Gratis Book Price: GBP 48.99   912.0148 HER G2497 29/06/2026 29/06/2026 Book
Copyright © 2017-2026 Indian Institute of Technology Indore. All Rights Reserved.
Managed & maintained by Learning Resource Center, IIT Indore